01432nam a2200409 i 450000100060000000300080000600500170001400600190003100700150005000800410006502000180010602000270012403500220015104000310017305000210020408000110022508200140023610000210025024500880027126400480035930000250040733600310043233700330046333800430049650000230053950400290056258800830059159001620067465000150083665000150085165000160086665000160088265500270089879700180092585600620094399900170100565799FINmELB20241217142651.0m o u cr cn|||||||||140201s2010 cl ob 001 0 spa d z9789562605021 a9781449293499 (e book) a(OCoLC)1010699002 aFINmELBbspaerdacFINmELB 4aJC423bL864 2010 a342.340 a321.82231 aLopes, Gilberto.13aEl fin de la democracia :bun diálogo entre Tocqueville y Marx /cGilberto Lopes. 1aSantiago :bEditorial Cuarto Propio,c2010. a1 recurso en línea atextobtxt2rdacontent/spa acomputadorabc2rdamedia/spa arecurso en líneabcr2rdacarrier/spa aContiene índice. aContiene bibliografía. aDescripción basada en metadatos suministrados por el editor y otras fuentes. aRecurso electrónico. Santa Fe, Arg.: elibro, 2020. Disponible vía World Wide Web. El acceso puede estar limitado para las bibliotecas afiliadas a elibro. 0aDemocracy. 0aSocialism. 4aSocialismo. 4aDemocracia. 4aLibros electrónicos.2 aelibro, Corp.40uhttps://elibro.net/ereader/politecnicointernacional/67824 c65799d65799